[Event "USA tt"]
[Site "ICC INT"]
[Date "2014.09.16"]
[Round "4"]
[White "Charbonneau, Pascal"]
[Black "Shen, Victor C"]
[Result "1/2-1/2"]
[WhiteElo "2505"]
[BlackElo "2410"]
[PlyCount "80"]
[EventDate "2014.08.26"]
[EventType "team-tourn"]
[EventRounds "10"]
[EventCountry "USA"]
[SourceTitle "CBM 162 Extra"]
[Source "ChessBase"]
[SourceDate "2014.10.17"]
[SourceVersion "1"]
[SourceVersionDate "2014.10.17"]
[SourceQuality "1"]
[WhiteTeam "New York"]
[BlackTeam "Manhattan"]
[WhiteTeamCountry "USA"]
[BlackTeamCountry "USA"]

1. e4 e5 2. Nf3 Nc6 3. Bb5 a6 4. Ba4 Nge7 5. c3 g6 6. d4 exd4 7. cxd4 b5 8. Bb3 Bg7 9. d5 Na5 10. Bd2 Nxb3 11. Qxb3 0-0 12. Bc3 d6 13. 0-0 Bd7 14. Rd1 f6 15. Bd4 g5 16. Nbd2 Ng6 17. Be3 Ne5 18. Nxe5 fxe5 19. Rac1 Be8 20. Nf1 Bg6 21. Qd3 h5 22. Rc6 g4 23. Rdc1 Rf7 24. b3 h4 25. a4 bxa4 26. bxa4 a5 27. R1c4 Bf6 28. Qe2 Rg7 29. Bh6 Rh7 30. Bd2 Be8 31. Qxg4+ Kh8 32. h3 Bxc6 33. Rxc6 Qd7 34. Qf3 Qf7 35. Nh2 Qg6 36. Ng4 Rf7 37. Nh6 Rh7 38. Ng4 Rf7 39. Nh6 Rh7 40. Ng4 Rf7 1/2-1/2

[Event "USA tt playoff"]
[Site "ICC INT"]
[Date "2013.11.16"]
[Round "2"]
[White "Charbonneau, Pascal"]
[Black "Winer, Steven"]
[Result "1-0"]
[WhiteElo "2505"]
[BlackElo "2382"]
[PlyCount "79"]
[EventDate "2013.11.05"]
[EventType "team-k.o."]
[EventRounds "3"]
[EventCountry "USA"]
[SourceTitle "EXT 2015"]
[Source "ChessBase"]
[SourceDate "2014.11.20"]
[SourceVersion "1"]
[SourceVersionDate "2014.11.20"]
[SourceQuality "1"]
[WhiteTeam "New York"]
[BlackTeam "New England"]
[WhiteTeamCountry "USA"]
[BlackTeamCountry "USA"]

1. e4 c5 2. Nf3 d6 3. Bc4 Nf6 4. d3 e6 5. Bb3 Nc6 6. c3 Be7 7. 0-0 0-0 8. Re1 e5 9. h3 b6 10. d4 Bb7 11. d5 Nb8 12. Nbd2 Nbd7 13. Nf1 Ne8 14. g4 g6 15. Ng3 Ng7 16. Bc2 c4 17. Bh6 Rc8 18. Kh2 Kh8 19. Qd2 Nf6 20. b4 a6 21. Rg1 Ng8 22. Be3 Nf6 23. Qe2 Qc7 24. Nd2 Nd7 25. a4 Bh4 26. Nf3 Be7 27. h4 Nf6 28. Ng5 h6 29. Nh3 Ng8 30. g5 h5 31. f4 exf4 32. Nxf4 Kh7 33. Bd4 Qd7 34. Ngxh5 Nxh5 35. Qxh5+ gxh5 36. e5+ f5 37. exf6+ Kh8 38. Ng6+ Kh7 39. Nxe7+ Kh8 40. f7+ 1-0

[Event "USA tt"]
[Site "ICC INT"]
[Date "2013.09.11"]
[Round "3"]
[White "Charbonneau, Pascal"]
[Black "Shankland, Samuel L"]
[Result "1/2-1/2"]
[WhiteElo "2505"]
[BlackElo "2591"]
[PlyCount "70"]
[EventDate "2013.08.27"]
[EventType "team-tourn"]
[EventRounds "10"]
[EventCountry "USA"]
[SourceTitle "CBM 156 Extra"]
[Source "ChessBase"]
[SourceDate "2013.10.22"]
[SourceVersion "1"]
[SourceVersionDate "2013.10.22"]
[SourceQuality "1"]
[WhiteTeam "New York"]
[BlackTeam "New England"]
[WhiteTeamCountry "USA"]
[BlackTeamCountry "USA"]

1. Nf3 c5 2. c4 Nf6 3. g3 Nc6 4. Bg2 d5 5. 0-0 e5 6. cxd5 Nxd5 7. Nc3 Nc7 8. a3 Rb8 9. Rb1 f6 10. Ne1 Be7 11. b4 Bf5 12. Nc2 0-0 13. d3 Qd7 14. bxc5 Bxc5 15. Ne4 Be7 16. Be3 Nd5 17. Bd2 b6 18. Nb4 Ncxb4 19. axb4 Rbc8 20. b5 Rc7 21. Qb3 Be6 22. Qb2 Rfc8 23. Rfc1 h6 24. Rxc7 Rxc7 25. Nc3 Bc5 26. Nxd5 Bxd5 27. Bxd5+ Qxd5 28. Rc1 e4 29. dxe4 Qxe4 30. Be3 Qd5 31. Qb1 Qf7 32. Rd1 Rd7 33. Rc1 Rc7 34. Rd1 Rd7 35. Rc1 Rc7 1/2-1/2

[Event "USA tt"]
[Site "ICC INT"]
[Date "2013.09.03"]
[Round "2"]
[White "Charbonneau, Pascal"]
[Black "Hungaski, Robert Andrew"]
[Result "1-0"]
[WhiteElo "2505"]
[BlackElo "2471"]
[PlyCount "109"]
[EventDate "2013.08.27"]
[EventType "team-tourn"]
[EventRounds "10"]
[EventCountry "USA"]
[SourceTitle "CBM 156 Extra"]
[Source "ChessBase"]
[SourceDate "2013.10.22"]
[SourceVersion "1"]
[SourceVersionDate "2013.10.22"]
[SourceQuality "1"]
[WhiteTeam "New York"]
[BlackTeam "Manhattan"]
[WhiteTeamCountry "USA"]
[BlackTeamCountry "USA"]

1. Nf3 Nf6 2. g3 d5 3. Bg2 e6 4. 0-0 Be7 5. b3 c5 6. Bb2 0-0 7. c4 d4 8. e3 Nc6 9. exd4 cxd4 10. Re1 Ne8 11. d3 f6 12. Na3 e5 13. Nc2 Nc7 14. a3 Rb8 15. Nd2 Bf5 16. Ne4 Qd7 17. Rc1 a6 18. b4 Bg4 19. f3 Bh5 20. Qd2 f5 21. Nf2 Kh8 22. f4 exf4 23. Qxf4 Bf6 24. a4 g5 25. Qd2 Ne6 26. Nh3 h6 27. Rf1 Bg7 28. Rce1 b5 29. Bd5 Ned8 30. axb5 axb5 31. Nxg5 hxg5 32. Qxg5 Bf7 33. Rxf5 bxc4 34. dxc4 Bxd5 35. Rxf8+ Bxf8 36. cxd5 Bg7 37. Qh5+ Kg8 38. Re8+ Bf8 39. Qg6+ Qg7 40. Qxg7+ Kxg7 41. dxc6 Nxc6 42. Rxb8 Nxb8 43. Bxd4+ Kg6 44. b5 Kf5 45. Kg2 Ke4 46. Bf2 Nd7 47. h4 Bd6 48. b6 Kd5 49. Ne3+ Kc6 50. Nc4 Bb8 51. h5 Kb5 52. Nd2 Nxb6 53. Bxb6 Kxb6 54. h6 Kc5 55. Nf3 1-0

[Event "Saint Louis SPICE Cup op 6th"]
[Site "Saint Louis"]
[Date "2012.10.18"]
[Round "7"]
[White "Bregadze, Levan"]
[Black "Charbonneau, Pascal"]
[Result "1/2-1/2"]
[WhiteElo "2366"]
[BlackElo "2517"]
[PlyCount "20"]
[EventDate "2012.10.16"]
[EventType "swiss"]
[EventRounds "9"]
[EventCountry "USA"]
[SourceTitle "EXT 2013"]
[Source "ChessBase"]
[SourceDate "2012.11.22"]
[SourceVersion "1"]
[SourceVersionDate "2012.11.22"]
[SourceQuality "1"]

1. e4 c5 2. b3 b6 3. Bb2 Bb7 4. Qe2 Nc6 5. Nf3 d6 6. g3 Nf6 7. Bg2 e5 8. 0-0 Be7 9. d3 0-0 10. c4 Ne8 1/2-1/2

[Event "Saint Louis SPICE Cup op 6th"]
[Site "Saint Louis"]
[Date "2012.10.18"]
[Round "6"]
[White "Charbonneau, Pascal"]
[Black "Schneider, Veronika"]
[Result "1-0"]
[WhiteElo "2517"]
[BlackElo "2313"]
[PlyCount "51"]
[EventDate "2012.10.16"]
[EventType "swiss"]
[EventRounds "9"]
[EventCountry "USA"]
[SourceTitle "EXT 2013"]
[Source "ChessBase"]
[SourceDate "2012.11.22"]
[SourceVersion "1"]
[SourceVersionDate "2012.11.22"]
[SourceQuality "1"]

1. e4 c5 2. Nf3 e6 3. d4 cxd4 4. Nxd4 a6 5. Nc3 Qc7 6. Bd3 Nf6 7. 0-0 Bc5 8. Nb3 Be7 9. f4 d6 10. Qf3 Nbd7 11. Bd2 b6 12. Rae1 Bb7 13. Qh3 h5 14. a4 Ng4 15. Qf3 g6 16. Qe2 Nc5 17. h3 Nxb3 18. cxb3 Qc5+ 19. Kh1 Bh4 20. Rc1 Qd4 21. Nd1 Qg7 22. Rc7 Ra7 23. Bc3 Bf6 24. e5 dxe5 25. fxe5 Be7 26. Be4 1-0

[Event "Lloydminster BATB op 4th"]
[Site "Lloydminster"]
[Date "2010.09.05"]
[Round "5"]
[White "Hansen, Eric"]
[Black "Charbonneau, Pascal"]
[Result "0-1"]
[WhiteElo "2412"]
[BlackElo "2513"]
[PlyCount "100"]
[EventDate "2010.09.04"]
[EventType "swiss"]
[EventRounds "6"]
[EventCountry "CAN"]
[SourceTitle "CBM 138 Extra"]
[Source "ChessBase"]
[SourceDate "2010.10.29"]
[SourceVersion "1"]
[SourceVersionDate "2010.10.29"]
[SourceQuality "1"]

1. d4 Nf6 2. c4 g6 3. Nc3 Bg7 4. e4 d6 5. Bd3 0-0 6. Nge2 c5 7. d5 e6 8. 0-0 Ng4 9. Bc2 Ne5 10. b3 exd5 11. cxd5 b5 12. Rb1 b4 13. Na4 Nbd7 14. a3 bxa3 15. Bxa3 Nb6 16. b4 cxb4 17. Nxb6 Qxb6 18. Bxb4 Ba6 19. h3 Rfc8 20. Bc3 Qc5 21. Bxe5 Qxc2 22. Qxc2 Rxc2 23. Nd4 Bxf1 24. Bxg7 Kxg7 25. Nxc2 Bd3 26. Rb2 Bxe4 27. Ne3 a5 28. f3 Bf5 29. g4 Bd7 30. Nc4 a4 31. Rb7 Bc8 32. Rc7 a3 33. Nxa3 Rxa3 34. Rxc8 Rxf3 35. Rc6 Rxh3 36. Kg2 Rd3 37. Rxd6 Kh6 38. Rf6 Kg5 39. Rxf7 h6 40. Rf3 Rxd5 41. Kh3 Re5 42. Rb3 Kf4 43. Rb6 Re3+ 44. Kh2 Kg5 45. Ra6 Rf3 46. Kg2 Rf6 47. Rxf6 Kxf6 48. Kf2 Ke5 49. Kf3 Kd4 50. Kf4 g5+ 0-1

[Event "Quebec-ch op"]
[Site "Montreal"]
[Date "2010.07.31"]
[Round "9"]
[White "Gagunashvili, Merab"]
[Black "Charbonneau, Pascal"]
[Result "1-0"]
[WhiteElo "2596"]
[BlackElo "2513"]
[PlyCount "115"]
[EventDate "2010.07.24"]
[EventType "swiss"]
[EventRounds "9"]
[EventCountry "CAN"]
[SourceTitle "CBM 137 Extra"]
[Source "ChessBase"]
[SourceDate "2010.09.01"]
[SourceVersion "1"]
[SourceVersionDate "2010.09.01"]
[SourceQuality "1"]

1. d4 Nf6 2. c4 g6 3. g3 Bg7 4. Bg2 0-0 5. Nf3 d6 6. 0-0 Nc6 7. Nc3 Bf5 8. b3 e5 9. dxe5 dxe5 10. Bb2 Re8 11. Qxd8 Raxd8 12. Rfd1 Nd4 13. Ne1 e4 14. h3 h5 15. Na4 Nh7 16. Kf1 Ng5 17. h4 Nge6 18. Nc3 Nc5 19. Nd5 Nce6 20. Ne3 Nc6 21. Bxg7 Kxg7 22. Nxf5+ gxf5 23. Nc2 Ncd4 24. Ne3 Kg6 25. Nd5 c6 26. Nc3 e3 27. Rac1 f4 28. gxf4 Nxf4 29. Be4+ f5 30. fxe3 fxe4 31. exf4 e3 32. Kg2 Kf5 33. Rd3 Nxe2 34. Rxd8 Nxf4+ 35. Kf3 Rxd8 36. Rg1 Rd3 37. Rg5+ Ke6 38. Kxf4 Rxc3 39. Rxh5 Rc2 40. Rh6+ Kd7 41. Rh7+ Kc8 42. Re7 Rxa2 43. Rxe3 Rh2 44. Kg3 Rh1 45. Re4 Kd7 46. Kg2 Rb1 47. Re3 Rb2+ 48. Kg3 Rb1 49. h5 Rh1 50. Kg4 Kd6 51. b4 b6 52. Rh3 Rg1+ 53. Kf5 a5 54. c5+ Kc7 55. bxa5 bxa5 56. h6 Rf1+ 57. Kg6 Rg1+ 58. Kh5 1-0

[Event "Quebec-ch op"]
[Site "Montreal"]
[Date "2010.07.30"]
[Round "8"]
[White "Charbonneau, Pascal"]
[Black "Sambuev, Bator"]
[Result "1-0"]
[WhiteElo "2513"]
[BlackElo "2478"]
[PlyCount "105"]
[EventDate "2010.07.24"]
[EventType "swiss"]
[EventRounds "9"]
[EventCountry "CAN"]
[SourceTitle "CBM 137 Extra"]
[Source "ChessBase"]
[SourceDate "2010.09.01"]
[SourceVersion "1"]
[SourceVersionDate "2010.09.01"]
[SourceQuality "1"]

1. e4 e6 2. d4 d5 3. Nd2 c5 4. Ngf3 Nf6 5. e5 Nfd7 6. c3 Nc6 7. Bd3 Be7 8. 0-0 a5 9. a4 b6 10. Qe2 cxd4 11. cxd4 Nb4 12. Bb5 Ba6 13. Nb1 0-0 14. Nc3 Nb8 15. g3 N8c6 16. h4 Qd7 17. Be3 Bxb5 18. axb5 Na7 19. h5 Rfc8 20. h6 g6 21. Rfc1 Rc4 22. Nd2 Rc7 23. Ndb1 Rf8 24. Na3 f5 25. exf6 Bxf6 26. Re1 Rb7 27. Rad1 Nc8 28. Bf4 Re8 29. Qf3 Qf7 30. Kg2 Ne7 31. Nc4 Nf5 32. Ne5 Qf8 33. Rh1 Nc2 34. Ne2 g5 35. Rd2 gxf4 36. Rxc2 fxg3 37. Nxg3 Bxe5 38. dxe5 Rf7 39. Qg4+ Kh8 40. Nxf5 Rxf5 41. Rh5 Rf4 42. Qg3 Rf7 43. Rc6 Qb4 44. Rh4 Qd2 45. Rc3 Qe2 46. Rf4 Qh5 47. Rcf3 Ref8 48. Rxf7 Rxf7 49. Rf6 d4 50. Rxe6 Rd7 51. Rd6 Qe8 52. Rxd7 Qxd7 53. e6 1-0